| 000 | 00546nam a2200205Ia 4500 | ||
|---|---|---|---|
| 005 | 20250508151415.0 | ||
| 008 | 008 250505s9999 xx 000 0 eng d | ||
| 037 | _aTextual | ||
| 040 |
_aFEDL _beng _cFEDL |
||
| 041 |
_aeng _2eng |
||
| 084 |
_a020, LEW _qFEDL |
||
| 100 |
_aLewis Howard Claude _9759060 |
||
| 245 | 0 | _aChildren and their books | |
| 260 |
_aNew York, USA _bExposition Press _c1938 |
||
| 300 | _a52p. | ||
| 365 |
_aINR _b15 |
||
| 650 | _aLibrary Science | ||
| 942 |
_cTEXL _h020, LEW |
||
| 999 |
_c1329592 _d1329592 |
||